Statistics for Guess 100 german footballers by image

Click here to take the quiz!

General Stats

  • This quiz has been taken 111 times
  • The average score is 54 of 100

Answer Stats

Answer% Correct
Mesut Özil
98%
Thomas Müller
98%
Toni Kroos
96%
Manuel Neuer
95%
Philipp Lahm
95%
Antonio Rüdiger
92%
Oliver Kahn
92%
Bastian Schweinsteiger
91%
Jérôme Boateng
91%
Michael Ballack
91%
Ilkay Gundogan
90%
Kai Havertz
90%
Lukas Podolski
90%
Marco Reus
90%
Mario Gotze
89%
Joshua Kimmich
88%
Miroslav Klose
88%
Emre Can
87%
Franz Beckenbauer
87%
Julian Draxler
87%
Leroy Sane
87%
Mats Hummels
87%
Serge Gnabry
87%
Timo Werner
87%
Marc-Andre ter Stegen
86%
Mario Gómez
85%
Jamal Musiala
82%
Leon Goretzka
81%
Andre Schurrle
80%
Bernd Leno
80%
Niklas Sule
80%
Jens Lehmann
78%
Gerd Müller
77%
Per Mertesacker
77%
Sami Khedira
77%
Rudi Völler
74%
Shkodran Mustafi
73%
Julian Brandt
69%
Jürgen Klinsmann
68%
Kevin Trapp
68%
Roman Weidenfeller
67%
Lothar Matthäus
66%
Robin Gosens
62%
Karim Adeyemi
59%
Niclas Füllkrug
59%
Florian Wirtz
58%
Matthias Ginter
58%
Thilo Kehrer
58%
Benedikt Howedes
55%
Lars Bender
55%
Youssoufa Moukoko
55%
Jonas Hector
54%
Marcel Schmelzer
54%
Sven Bender
53%
Nico Schlotterbeck
51%
Oliver Bierhoff
51%
Matthias Sammer
49%
Stefan Kießling
49%
Lukas Klostermann
46%
Stefan Effenberg
45%
Andreas Brehme
42%
Holger Badstuber
42%
Sepp Maier
41%
Uwe Seeler
41%
Christian Günter
39%
Torsten Frings
39%
Arne Friedrich
38%
Hans Jörg Butt
38%
Paul Breitner
37%
David Raum
35%
Karl-Heinz Rummenigge
32%
Sebastian Kehl
31%
Harald Schumacher
30%
Berti Vogts
28%
Bernd Schneider
27%
Bernd Schuster
27%
Andreas Köpke
26%
Günter Netzer
25%
Fritz Walter
24%
Uli Hoeneß
24%
Felix Magath
23%
Oliver Neuville
23%
Dieter Hoeneß
22%
Andreas Möller
19%
Jürgen Kohler
18%
Jupp Heynckes
17%
Helmut Rahn
16%
Pierre Littbarski
15%
Horst Hrubesch
14%
Thomas Häßler
14%
Wolfgang Overath
14%
Hans-Georg Schwarzenbeck
11%
Uli Stielike
11%
Christoph Metzelder
10%
Guido Buchwald
9%
Hansi Müller
8%
Hans-Peter Briegel
6%
Karl-Heinz Schnellinger
6%
Manfred Kaltz
6%
Karlheinz Förster
4%

Score Distribution

Percentile by Number Answered

Percent of People with Each Score

Your Score History

You have not taken this quiz